| 000 | 00674nam a2200217 a 4500 | ||
|---|---|---|---|
| 005 | 20220622063517.0 | ||
| 008 | 020301s2002 r 000 0 eng d | ||
| 020 | _a9681910400 | ||
| 035 | _aUPN01000116561 | ||
| 049 | _aI | ||
| 050 | 4 |
_aPZ76.3 _bL6.4 |
|
| 100 | 1 |
_aLobel, Arnold, _d1933-1987 _934039 |
|
| 245 | 1 | 3 |
_aEl libro de los guarripios / _cArnold Lobel ; tr. Miguel Azaola. |
| 260 |
_aMéxico : _bAltea, _c2002. |
||
| 300 |
_a48 p. : _bprincipalmente il. col. |
||
| 440 | 0 | _aHistorias para dormir | |
| 534 |
_pTraducción de: _tThe book of the pigericks |
||
| 650 | 0 |
_aAnimales _vCuentos y leyendas _9234 |
|
| 650 | 4 |
_aCuentos infantiles _96744 |
|
| 905 | _aInfantil | ||
| 999 |
_c89298 _d89298 |
||